000 00946 a2200253 4500
001 47003
005 20260407155739.0
008 260407a1993 arg spa d
003 AR-UNSa-BCEJYS
040 _aAR-UNSa-BCEJYS
_bspa
_cAR-UNSa-BCEJYS
080 _a519.83
_xTeoría de juegos
245 1 0 _aUn primer curso de teoría de juegos
020 _a84-85855-69-8
264 1 _aBarcelona :
_bAntoni Bosch
_c1993
300 _axi, 272 p.
_c23 cm.
505 _a1. Juegos estáticos con información completa - 2. Juegos dinámicos con información completa - 3. Juegos estáticos con información incompleta - 4. Juegos dinámicos con información incompleta.
041 _aspa
942 _cBK
590 _aniveau_biblio:m niveau_hierar:0
100 1 _aCalvo, Paloma
700 1 _aGibbons, Robert
700 1 _aVilà, Xavier
856 4 1 _uhttps://www.biblioeco.unsa.edu.ar/pmb/images/libros/L127369.jpg
_yImagen de portada
_qimage/jpeg
999 _c4268
_d4268